00989nam a22002897a 4500003000900000005001700009008003100026017000900057020002100066035000600087040002500093041001500118082002700133245018100160260004500341300001700386500000600403650003500409650003600444650003200480650002900512700002900541700002500570700003000595700003000625700004400655DO-SdBNP20231012132050.00607211994 sp a 1 spa  a b  a8486459559 (v.3) a  aBPMSUbspacBPMSUe  aaspa heng 4aR574.03bE56v 199422200aEnciclopedia visual de los seres vivos /cfotografías Peter Chadwick, Geoff Dann ; ilustraciones: Simone End, John Woodcock ; traducido por María del Carmen Blázquez. h  aMadrid : bEl país-altea,c1994.e f  av. ;c32 cm. a  aAnimales vEnciclopedias. 2  4vEnciclopediasaCuerpo humano2  4aZoología vEnciclopedias  4aPlantas vEnciclopedias.1 aWoodcock, John, eils.1 aEnd, Simone, eils. 1 aWoodcock, John, eils. 1 aWoodcock, John, eils. 1 aBlázquez, María del Carmen, etr.